| 000 | 01140nam a2200349 i 4500 | ||
|---|---|---|---|
| 001 | bg | ||
| 003 | BPK | ||
| 005 | 20230628132730.0 | ||
| 008 | 010417s2000 pl a f |001 0 pol | ||
| 015 | _aPB 2001/5983 | ||
| 020 | _a8372790825 | ||
| 040 |
_aWA N _cBPK |
||
| 041 | 1 |
_apol _heng |
|
| 080 | _a004.451 | ||
| 080 | _a(07) | ||
| 100 | 1 | _aWall, Kurt. | |
| 245 | 1 | 0 |
_aLinux - programowanie w przykładach / _cKurt Wall ; przekł. z jęz. ang. Jacek Sokulski. |
| 246 | 1 |
_iTyt. oryg.: _aLinux programming by example, _f2000. |
|
| 260 |
_aWarszawa : _b"Mikom", _c2000. |
||
| 300 |
_a491 s. : _bil. ; _c24 cm. |
||
| 490 | 1 | _aW Przykładach. | |
| 504 | _aIndeks. | ||
| 521 | 8 | _aDla początkujących użytkowników a także zaawansowanych programistów. | |
| 655 | 4 | _aPodręcznik | |
| 650 | 4 | _aSystemy operacyjne | |
| 650 | 4 | _aLinux | |
| 710 | 2 |
_aWydawnictwo Mikom _4pbl. |
|
| 700 | 1 |
_aSokulski, Jacek _eTłumaczenie |
|
| 856 |
_uhttp://koha.tu.koszalin.pl/cgi-bin/koha/opac-detail.pl?biblionumber=38924 _yKatalog online BPK |
||
| 830 | 0 | _aW Przykładach | |
| 942 |
_2UKD _cKS |
||
| 999 |
_c38924 _d38924 |
||